000 00833nam a2200229 i 4500
001 148205
003 ES-MaACL
005 20230906202507.0
007 t|
008 070214s1965 sp |||| | spa d
100 1 _aStanier, Roger Y.
_9107898
245 1 3 _aEl mundo de los microbios /
_cRoger Y. Stanier, Michael Doudoroff, Edward A. Adelberg ; traducido del inglés por los doctores Isabel García Acha, Manuel Losada y Julio Rodríguez Villanueva.
260 _aValencia :
_bAguilar,
_c1965.
300 _aXX, 724 p. :
_bil. ;
_c22 cm.
650 0 4 _aMicrobiología.
_915023
700 1 _aDoudoroff, Michael.
_945480
700 1 _aAdelberg, Edward A.
_918427
700 1 _aGarcía Acha, Isabel.
_954115
700 1 _aLosada, Manuel.
_974259
700 1 _aRodríguez Villanueva, Julio.
_998862
852 _aES-MaACL
_jC-27435
999 _c148205
_d148205